Informe Final: Proyecto principal en la esfera de la educación en América Latina y El Caribe

Gespeichert in:
Bibliographische Detailangaben
Körperschaft: Comité Regional Intergubernamental del Proyecto Principal en la Esfera de la Educación en América Latina y el Caribe (VerfasserIn)
Format: Buch
Sprache:Spanisch
Veröffentlicht: París UNESCO 1985
Schlagworte:
Tags: Tag hinzufügen
Keine Tags, Fügen Sie den ersten Tag hinzu!

MARC

LEADER 00000nam a2200000 a 4500
001 UCU0436
003 CL-VaPUC
005 20231123085449.0
008 960322e19850000fr 1 spa d
082 0 4 |a 379  |b COM  |2 21 
110 2 |a Comité Regional Intergubernamental del Proyecto Principal en la Esfera de la Educación en América Latina y el Caribe  |e author  |9 617532 
245 1 0 |a Informe Final: Proyecto principal en la esfera de la educación en América Latina y El Caribe 
260 |a París  |b UNESCO  |c 1985 
300 |a 70 p 
583 |a last modification  |c 19960322 00:00:00  |k Rodrigo Vera 
650 0 0 |a Política educacional  |9 308011 
650 0 0 |a Analfabetismo  |9 324360 
650 0 0 |a Educación  |9 258661 
650 0 7 |a DESARROLLO DE LA EDUCACION  |2 CL-VaPUC  |9 617533 
651 0 |a América Latina   |9 255027 
651 7 |a ISLAS CARIBES  |2 CL-VaPUC  |9 255533 
942 |c BK 
945 |a cmena  |d 19960322 00:00:00 
546 |a En Español 
518 |p Reunión del Comité Regional Intergubernamental del Proyecto Principal en la Esfera de la Educación en América Latina y el Caribe, 1, México, 5 al 9 de Noviembre de 1984 
999 |c 382524  |d 382522 
952 |0 0  |1 0  |4 0  |6 379_000000000000000_COM_1985  |7 0  |8 P  |9 504262  |a BIBEDU  |b BIBEDU  |c BIBEDU_PB  |d 2020-01-23  |i 1634364  |o 379 COM 1985  |p 1634364  |r 2020-01-23  |w 2020-01-23  |y BK  |k EDU